Incoterms 2020 (Registro nro. 318162)

Detalles MARC
000 -ENCABEZADO
Número de control [NR] 00856nam a2200217 c 4500
005 - FECHA Y HORA DE LA ÚLTIMA TRANSACCIÓN
control field 20200929103838.0
008 - DE LONGITUD FIJA DE DATOS DE ELEMENTOS - INFORMACIÓN GENERAL
Elementos de longitud fija [NR] 120830s2020 sp ad||fr|||| 00| 0 spa d
020 ## - NUMERO INTERNACIONAL NORMALIZADO PARA LIBROS [R]
Número Internacional Normalizado del libro [NR] 9788489924635
040 ## - FUENTE DE CATALOGACION [NR]
Agencia de catalogación original [NR] CO-BoUCM
Idioma de catalogación [NR] spa
Quien Cataloga Deissy Garcia
Quien Clasifica Deissy Garcia
041 0# - CODIGO DE IDIOMA [R]
Código de idioma para texto/pista de sonido o título separado [R] Español
-- Inglés
245 10 - MENCION DE TITULO [NR]
Título [NR] Incoterms 2020
Parte restante del título [NR] reglas de ICC para el uso de términos comerciales nacionales e internacionales
260 ## - PUBLICACION, DISTRIBUCION, ETC. (PIE DE IMPRENTA) [R]
Lugar de publicación, distribución, etc. [R] Barcelona (España)
Nombre del editor, distribuidor, etc. [R] Cámara de Comercio Internacional
Fecha de publicación, distribución, etc. [R] 2020
300 ## - DESCRIPCION FISICA [R]
Extensión [R] 398 páginas
Otros detalles físicos [NR] ilustraciones, cuadros, gráficas
650 #7 - ASIENTO SECUNDARIO DE MATERIA - TERMINO TEMATICO [R]
Término temático o nombre geográfico como elemento de entrada [NR] Comercio internacional
Subdivisión general [R] Reglamentos
9 (RLIN) 101215
650 #7 - ASIENTO SECUNDARIO DE MATERIA - TERMINO TEMATICO [R]
Término temático o nombre geográfico como elemento de entrada [NR] Comercio internacional
Subdivisión general [R] Legislación
9 (RLIN) 51865
650 #7 - ASIENTO SECUNDARIO DE MATERIA - TERMINO TEMATICO [R]
Término temático o nombre geográfico como elemento de entrada [NR] Derecho marítimo
9 (RLIN) 12792
653 ## - TERMINO DE INDIZACION - NO CONTROLADO [R]
Término de indización no controlado [R] INCOTERMS
700 ## - ASIENTO SECUNDARIO - NOMBRE PERSONAL [R]
9 (RLIN) 101189
Nombre personal [NR] International Chamber of Commerce
942 ## - ELEMENTOS DE ENTRADA AGREGADOS (KOHA)
Tipo de ítem principal el descrito en 300a Libro
Sistema de clasificación DEWEY
Tema principal Economía
Edición 1
Clasificación 382.014
Parte restante de la signatura top. I378inc
Existencias
Fecha de último préstamo Total préstamos Total Renewals Signatura topográfica Código de barras Última vez visto Ejemplar Costo de reposición Price effective from Tipo de ítem Perdido Sistema de clasificación Dañado No prestable Tipo de ítem específico Suprimido Ubicación habitual Ubicación actual Localización Fecha de creación Proveedor Forma de adquisición Costo
02/02/2024 3 1 382.014 I378inc 100166864 05/12/2025 Ej.1 568739.00 29/09/2020 Libro   DEWEY     Libro   Claustro Claustro Mezanine 29/09/2020 156 Compra 568739.00
02/02/2024 3 5 382.014 I378inc 100166865 05/12/2025 Ej.2 568739.00 29/09/2020 Libro   DEWEY     Libro   Claustro Claustro Mezanine 29/09/2020 156 Compra 568739.00